Освајачи европског првенства у фудбалу - Statistics

General Stats
  • This quiz has been taken 566 times
    195 since last reset
  • The average score is 11 of 17
Answer Stats
Година Домаћин Победник % Correct
2024 Немачка Шпанија
99%
2020 11 земаља Италија
93%
2016 Француска Португалија
91%
2012 Пољска / Украјина Шпанија
87%
2008 Аустрија / Швајцарска Шпанија
77%
2004 Португалија Грчка
71%
2000 Белгија / Холандија Француска
70%
1996 Енглеска Немачка
66%
1992 Шведска Данска
56%
1980 Италија Западна Немачка
50%
1984 Француска Француска
47%
1972 Белгија Западна Немачка
46%
1968 Италија Италија
45%
1988 Западна Немачка Холандија
44%
1964 Шпанија Шпанија
40%
1960 Француска Совјетски Савез
39%
1976 Југославија Чехословачка
36%
No matching quizzes found
Score Distribution
Percent of People with Each Score
Percentile by Number Answered
Your Score History
You have not taken this quiz since the last reset